000
00280nam a22001217a 4500
041
_a
ENG
100
_a
Hall.C.W
245
_a
Agricultural Engineering Index 1907-1960
260
_a
Michigan
_b
Agricultural Consulting
_c
1960
300
_a
135
650
_a
FMP
856
_u
FMP (23 )
999
_c
1361
_d
1361